000 00901nam a2200265Ia 4500
003 OSt
005 20221005043446.0
006 a|||||r|||| 00| 0
007 ta
008 221004b |||||||| |||| 00| 0 pan d
020 _a9788171166916 (hbk)
_cINR 150.00
024 _a38602
037 _b1021, 06/03/2018, H.K. Prakashan
_cTextual
040 _aCRL
_cCRL
_bpan
041 _2pan
_apan
082 _aO153,1N371x, Q7
100 _aਕੌਰ, ਜਸਪਾਲ, ਥਦ.
245 0 _aਆਪਣੇ ॥ਿਲਾਖ਼
260 _aFਾਪ
_bਲ਼ਨੈFਨਲ ੁਬੁਕ Fਾਪ ਭਾਰਤ
_c2017
300 _a232ਪ0
_ccm.
650 _a ਪੰਜਾਬੀ ਕਾਵਿ
650 _aਪੰਜਾਾਬੀ ਸਾਹਿਤ
942 _hO153,1N371x, Q7
_cTEXL
_2cc
999 _c951910
_d951910